000 004630000a22001930004500
999 _c48993
_d48993
001 1839
003 CO-MdFUSB
005 20181108142209.0
008 181108b xxu||||| |||| 00| 0 eng d
020 _a1-85028-378-8
040 _cCO-MdBIC
082 0 4 _a745 G77d
100 1 _aGrater, Michel
245 1 0 _aDecoration for celebrations / Michel Grater
260 _aitalia : Dragon“s World Ltd
300 _a32 P.
650 1 4 _aManualidades
942 _cLGB